Українські прислів'я, приказки для дітей (Запис № 17270)

000 -Маркер запису
Контрольне поле сталої довжини 01382nam a22002417a 4500
003 - Належність контрольного номера
Контрольне поле Uzh_bibl
008 - Кодовані дані
Контрольне поле сталої довжини 260407b |||||||| |||| 00| 0 ukr d
020 ## - Індекс ISBN
ISBN 966-7991-90-3
Ціна 103.00
040 ## - Джерело каталогіз.
Код мови каталог. укр.
041 ## - Код мови видання
Код мови оригіналу українська
Код мови тексту українська
080 ## - Індекс УДК
Індекс УДК 398.9(477)
090 ## - Шифри
Поличний індекс 398.9(477)
Авторський знак У 45
100 ## - Автор
Автор
245 ## - Назва
Назва Українські прислів'я, приказки для дітей
Відповідальність упоряд.В.П.Товстий
Фізичний носій Текст
260 ## - Вихідні дані
Місце видання Харків
Видавництво Промінь
Дата видання 2006
300 ## - Фізичний опис
Обсяг 64 с.
Ілл./тип відтвор. іл.
Тип одиниці В опр.
520 ## - Анотація
Анотація Українські прислів’я та приказки — скарбниця народної мудрості. Вони свідчать про гострий розум народу, про його естетичні почуття, високу мораль, уміння посміятися над своїми вадами, любов до рідної країни.<br/>Яскраві малюнки зроблять знайомство з українським фольклором приємним, пізнавальним та захоплюючими.
521 ## - Примітка про цільове призначення
Примітка про цільове призначення Книга розрахована на дітей шкільного віку.<br/>
546 ## - Примітка про мову
Примітка про мову укр.
650 ## - Тематичні рубрики
Основна рубрика Літературно-художне видання
655 ## - Термін індексування — жанр/форма
Жанр/форма Дитяча література
942 ## - ADDED ENTRY ELEMENTS (KOHA)
Джерело класифікації чи схема поличного розташування
Koha item type Книги
Фонди
Статус вилучення Статус втрати/відсутності Джерело класифікації чи схема поличного розташування Статус пошкодження Тип обігу (не для випозичання) Постійне розташування Поточне розташування Розташування у відділі Дата надходження Джерело надходження (постачальник) Інвентарний номер Повний (примірниковий) шифр зберігання Штрих-код Date last seen Дата, для якої чинна ціна заміни Тип одиниці (рівень примірника)
          Бібліотека-філія № 1 для дітей Бібліотека-філія № 1 для дітей Абонемент молодший відділ 18/03/2026 Подаровані 80834 398.9(477) 19295 07/04/2026 26/03/2026 Книги

Працює на АБІС Коха